| 000 | 01328cas a2200373 a 4500 | ||
|---|---|---|---|
| 001 | 11469761 | ||
| 005 | 20240213112202.0 | ||
| 008 | 930719d19uu19uucaubx p co 0 a0eng c | ||
| 010 | _a 96648294 | ||
| 020 | _a9781519664501 | ||
| 022 | 0 |
_a1090-0683 _l1090-0683 _21 |
|
| 035 | _a(OCoLC)ocm28472221 | ||
| 037 | _bFlatland, PO Box 2420, Fort Bragg, CA 95437-2420 | ||
| 040 |
_aWIH _beng _cWIH _dDLC _dNSD _dDLC _dOCLCQ _dDLC _dEBZ _dOCLCQ _dOCLCF _dOCLCO _dOCL _dVLY _dOCL |
||
| 042 |
_apcc _ansdp |
||
| 043 | _an-us-ca | ||
| 050 | 0 | 0 |
_aPN4878.3 _b.F53 |
| 082 | 0 | 0 | _a530.11 |
| 100 | 0 | 1 | _4Abbott,Edwin A. |
| 130 | 0 |
_aFlatland (Fort Bragg, Calif.) _9120319 |
|
| 245 | 1 | 0 |
_aFlatland: _bA Romance of Many Dimensions/ _cEdwin A.Abbott |
| 260 |
_aGreat Britain: _bpd Workman; _c2015. |
||
| 300 |
_a212p. : _bill. ; |
||
| 588 | _aDescription based on: Sixth edition, published 1/15/91; title from cover. | ||
| 588 | _aLatest issue consulted: #11; copyrighted 1994. | ||
| 590 | _aSERBIB/SERLOC merged record | ||
| 650 | 0 |
_aLittle magazines _9120320 |
|
| 655 | 7 |
_aBibliographies. _2fast _0(OCoLC)fst01919895 _9120321 |
|
| 655 | 7 |
_aCatalogs. _2fast _0(OCoLC)fst01423692 _998425 |
|
| 655 | 7 |
_aReviews. _2fast _0(OCoLC)fst01423760 _9120322 |
|
| 906 |
_a7 _bcbc _cserials _du _encip _f19 _gn-oclcserc |
||
| 942 |
_2ddc _cBK |
||
| 999 |
_c607676 _d607676 |
||